000 02801nam a2200325 a 4500
001 ASIN0745323693
003 OSt
005 20170105102907.0
008 131024s2006 xxu eng d
020 _a0745323693 (paperback)
_c$36.00
020 _a9780745323695 (paperback)
040 _aa
050 0 4 _aJZ1480
082 0 4 _a327.73
_bBAR 2006
100 1 _aBartholomew, Amy.
245 1 0 _aEmpire's law :
_bthe american imperial project and the "war to rema /
_cAmy Bartholomew.
260 _a[S.l.] :
_bPluto Press,
_c2006.
300 _a381 p. ;
_c21 cm.
520 _a"'Empire's Law is first rate -- a 'must read' for students of international law, politics and ethics. It includes excellent contributions by key theorists and impressive case studies. This provocative and original collection should be read and taught in classes on both the undergraduate and graduate level." Jean L. Cohen Professor of Political Science, Columbia University "This remarkable collection of essays illuminates -- more fully than any other volume -- the world order costs of the Iraq War, especially the radical denial of the relevance of international law in the US's pursuit of global empire. To understand this overarching geopolitical challenge of the early 21st century, citizens the world over should treat Empire's Law as required reading." Richard A. Falk, Albert G. Milbank Professor of International Law and Practice Emeritus, Princeton University and currently Visiting Professor of Global and International Studies, University of California, Santa Barbara "Right now there can't be enough discussion of America's role in world politics . . . This is a much-needed collection from leading scholars." Neil Stammers, Senior Lecturer in the Department of International Relations and Politics, University of Sussex What is the legacy of the war in Iraq? Can democracy and human rights really be imposed "by fire and sword"? This book brings together some of the world's most outstanding theorists in the debate over empire and international law. They provide a uniquely lucid account of the relationship between American imperialism, the use and abuse of "humanitarian intervention", and its legal implications. Empire's Law is ideal for students who want a comprehensive critical introduction to the impact that the doctrine of pre-emptive war has had on our capacity to protect human rights and promote global justice. Lead.
650 0 _aGlobalization
650 0 _aImperialism
650 0 _aInternational law
650 0 _aInternational relations
650 0 _aIraq War (2003-2011)
650 0 _aMilitary policy
650 0 _aUnited Nations
650 0 _aUnited States
856 4 0 _3Amazon.com
_uhttp://www.amazon.com/exec/obidos/ASIN/0745323693/chopaconline-20
942 _2ddc
_cBK
999 _c14927
_d14927